[Event "DEM U12/U12w 2014"]
[Site "Magdeburg GER"]
[Date "2014.06.13"]
[Round "9"]
[White "Wachtel, Arthur"]
[Black "Hermanns, Till"]
[Result "1-0"]
[Termination "normal"]
[Board "25"]
[WhiteElo "1539"]
[BlackElo "1449"]
[PlyCount "137"]
[WhiteFideId "12988510"]
[BlackFideId "12972347"]
[EventCountry "GER"]
[EventRounds "11"]
[EventType "swiss"]
[EventDate "2014.06.07"]

1. e4 e6 2. d4 d5 3. Nc3 Nf6 4. Bg5 Be7 5. e5 Nfd7 6. Bxe7 Qxe7 7. Qd2 a6 8.
O-O-O c5 9. f4 Nc6 10. dxc5 Nxc5 11. Nf3 Bd7 12. g4 b5 13. Nd4 b4 14. Nce2 Ne4
15. Qe3 Nxd4 16. Nxd4 O-O 17. Bd3 Nc5 18. Nf3 Nxd3+ 19. Qxd3 Bb5 20. Qd2 a5 21.
f5 f6 22. fxe6 Qxe6 23. Nd4 Qb6 24. Nxb5 Qxb5 25. Qxd5+ Qxd5 26. Rxd5 fxe5 27.
Rxe5 a4 28. Kb1 Rf4 29. h3 Raf8 30. Ree1 Rf3 31. Kc1 b3 32. cxb3 axb3 33. a3
Rf2 34. Re3 Rc2+ 35. Kb1 Rb8 36. Rhe1 Kf7 37. Rf1+ Kg8 38. Rff3 h6 39. Rxb3
Rxb3 40. Rxb3 Rc5 41. Rc3 Rd5 42. Kc2 Kf7 43. b4 Kg6 44. Kb3 Rd6 45. b5 Kg5 46.
a4 Kh4 47. Kb4 h5 48. gxh5 Kxh5 49. Ka5 Kg5 50. b6 Rd1 51. b7 Rb1 52. Rc5+ Kh4
53. Rb5 Rxb5+ 54. Kxb5 Kxh3 55. b8=Q g5 56. a5 g4 57. a6 g3 58. Qxg3+ Kxg3 59.
a7 Kg2 60. a8=Q+ Kf2 61. Qe4 Kg3 62. Qf5 Kg2 63. Qf4 Kh1 64. Qg5 Kh2 65. Kc4
Kh3 66. Kd3 Kh2 67. Ke2 Kh1 68. Kf2 Kh2 69. Qh4# 1-0

[Event "DEM U12/U12w 2014"]
[Site "Magdeburg GER"]
[Date "2014.06.13"]
[Round "9"]
[White "Flach, Helene"]
[Black "Fesselier, Chelsea"]
[Result "0-1"]
[Termination "normal"]
[Board "26"]
[WhiteElo "1657"]
[BlackElo "1454"]
[PlyCount "32"]
[WhiteFideId "12929735"]
[BlackFideId "26024624"]
[EventCountry "GER"]
[EventRounds "11"]
[EventType "swiss"]
[EventDate "2014.06.07"]

1. e4 c5 2. Nf3 Nc6 3. d4 cxd4 4. Nxd4 Nf6 5. Nc3 g6 6. f3 Bg7 7. Be3 d6 8. Qd2
h5 9. O-O-O Bd7 10. h4 Rc8 11. Be2 a6 12. Nb3 Ne5 13. Nd5 Nxd5 14. Qxd5 Qc7 15.
Qd2 b5 16. Bd4 Bh6 0-1

[Event "DEM U12/U12w 2014"]
[Site "Magdeburg GER"]
[Date "2014.06.13"]
[Round "9"]
[White "Schäfer, Nicolas"]
[Black "Hoffmann, Lennard"]
[Result "0-1"]
[Termination "normal"]
[Board "27"]
[WhiteElo "1337"]
[BlackElo "1801"]
[PlyCount "46"]
[WhiteFideId "12988901"]
[BlackFideId "12943495"]
[EventCountry "GER"]
[EventRounds "11"]
[EventType "swiss"]
[EventDate "2014.06.07"]

1. Nf3 d5 2. c4 e6 3. d4 Nf6 4. Nc3 Be7 5. e3 O-O 6. Bd3 dxc4 7. Bxc4 Nbd7 8.
e4 h6 9. O-O Re8 10. Bf4 c5 11. Nb5 Nb6 12. Be2 Bd7 13. Nc7 Nxe4 14. Nxa8 Qxa8
15. Qc2 Nf6 16. dxc5 Rc8 17. b4 Nbd5 18. Qd2 Ne4 19. Qd4 Nec3 20. Rfe1 b6 21.
cxb6 axb6 22. a3 Nxe2+ 23. Rxe2 Bb5 0-1

[Event "DEM U12/U12w 2014"]
[Site "Magdeburg GER"]
[Date "2014.06.13"]
[Round "9"]
[White "Mantel, Ruben"]
[Black "Paulweber, Lara Maria"]
[Result "1-0"]
[Termination "normal"]
[Board "28"]
[WhiteElo "1645"]
[BlackElo "1386"]
[PlyCount "81"]
[WhiteFideId "12930121"]
[BlackFideId "12954411"]
[EventCountry "GER"]
[EventRounds "11"]
[EventType "swiss"]
[EventDate "2014.06.07"]

1. c4 e6 2. Nc3 d5 3. e3 Bb4 4. Nf3 c5 5. d4 cxd4 6. exd4 Nf6 7. Bg5 Nbd7 8.
Bd3 h6 9. Bh4 O-O 10. O-O Bxc3 11. bxc3 b6 12. Re1 Qc7 13. cxd5 Nxd5 14. c4
N5f6 15. Ne5 Nxe5 16. dxe5 Nd7 17. Qe2 Nc5 18. Bc2 Nd7 19. Qe4 g6 20. Qxa8 Bb7
21. Qxa7 Ra8 22. Qxb7 Qxb7 23. Be4 Qb8 24. Bxa8 Qxa8 25. Red1 Qc8 26. Rd6 Kg7
27. Rad1 Qxc4 28. R6d4 Qxa2 29. Rxd7 g5 30. Bg3 Qc2 31. h4 b5 32. R1d4 Qb1+ 33.
Kh2 Kg6 34. h5+ Kxh5 35. Rxf7 b4 36. Rf6 b3 37. f3 b2 38. Bf2 g4 39. fxg4+ Kg5
40. Be3+ Kh4 41. Rxh6# 1-0

[Event "DEM U12/U12w 2014"]
[Site "Magdeburg GER"]
[Date "2014.06.13"]
[Round "9"]
[White "Lesny, Florian"]
[Black "Lieberwirth, Kasimir"]
[Result "0-1"]
[Termination "normal"]
[Board "29"]
[WhiteElo "1549"]
[BlackElo "1628"]
[PlyCount "62"]
[WhiteFideId "12973874"]
[BlackFideId "12988146"]
[EventCountry "GER"]
[EventRounds "11"]
[EventType "swiss"]
[EventDate "2014.06.07"]

1. e4 c5 2. Nf3 Nc6 3. Nc3 Nf6 4. d4 cxd4 5. Nxd4 Nxd4 6. Qxd4 d6 7. h3 g6 8.
Be3 Bg7 9. Qd2 Bd7 10. Bd3 a6 11. g4 Bc6 12. f3 d5 13. O-O-O d4 14. Bxa6 dxe3
15. Qxe3 Qc7 16. Bc4 O-O 17. h4 Rfd8 18. Bd3 Nd7 19. Qe1 Nc5 20. Kb1 Nxd3 21.
Rxd3 Rxd3 22. cxd3 Qa5 23. Rh2 Bxc3 24. bxc3 Qb5+ 25. Ka1 Qxd3 26. Rf2 Ra3 27.
Kb2 Qa6 28. Ka1 Qc4 29. Qd2 Rxc3 30. Kb2 Rd3 31. Qc1 Qd4+ 0-1

[Event "DEM U12/U12w 2014"]
[Site "Magdeburg GER"]
[Date "2014.06.13"]
[Round "9"]
[White "Hüls, Maximilian"]
[Black "Röhr, Tobias"]
[Result "0-1"]
[Termination "normal"]
[Board "30"]
[WhiteElo "1638"]
[BlackElo "1588"]
[PlyCount "68"]
[WhiteFideId "12949698"]
[BlackFideId "12963089"]
[EventCountry "GER"]
[EventRounds "11"]
[EventType "swiss"]
[EventDate "2014.06.07"]

1. e4 e5 2. Nf3 Nc6 3. Bb5 a6 4. Bxc6 dxc6 5. Nc3 Bd6 6. O-O Bg4 7. h3 Bh5 8.
d3 h6 9. Be3 Ne7 10. Qe2 Qd7 11. Rad1 c5 12. Rd2 O-O-O 13. Rb1 Rdg8 14. Nxe5
Bxe5 15. Qxh5 Bd6 16. Qxf7 g5 17. Qh5 g4 18. h4 Rf8 19. Bxc5 g3 20. f3 Ng6 21.
Bxd6 Qxd6 22. Qg4+ Kb8 23. Ne2 Ne5 24. Qh5 Rhg8 25. Rf1 Nc4 26. Rdd1 Ne3 27. e5
Qb6 28. d4 Rf5 29. Qxf5 Nxf5 30. Rd3 c5 31. Rb3 Qa7 32. e6 cxd4 33. Rd3 Re8 34.
Nf4 Ne3 0-1

[Event "DEM U12/U12w 2014"]
[Site "Magdeburg GER"]
[Date "2014.06.13"]
[Round "9"]
[White "Liebeck, Eddie"]
[Black "Bierfreund, Trine Maja"]
[Result "0-1"]
[Termination "normal"]
[Board "31"]
[WhiteElo "1676"]
[BlackElo "1288"]
[PlyCount "54"]
[WhiteFideId "12945854"]
[BlackFideId "12957372"]
[EventCountry "GER"]
[EventRounds "11"]
[EventType "swiss"]
[EventDate "2014.06.07"]

1. d4 d5 2. c4 e6 3. cxd5 exd5 4. Nc3 Nf6 5. Nf3 Be7 6. Bf4 a6 7. e3 O-O 8. Bd3
Nbd7 9. Qc2 Re8 10. a3 c6 11. O-O Nf8 12. h3 h6 13. Nh4 g5 14. Nf5 Bxf5 15.
Bxf5 gxf4 16. exf4 Kg7 17. Rad1 Ng6 18. Rd3 Nh5 19. Qd1 Nhxf4 20. Rg3 Bd6 21.
h4 Qxh4 22. Bxg6 fxg6 23. Qb3 b5 24. Qc2 Re6 25. b4 Rae8 26. Ra1 Re1+ 27. Rxe1
Rxe1# 0-1

[Event "DEM U12/U12w 2014"]
[Site "Magdeburg GER"]
[Date "2014.06.13"]
[Round "9"]
[White "Arnold, Leander"]
[Black "Jahn, Felix"]
[Result "0-1"]
[Termination "normal"]
[Board "32"]
[WhiteElo "1402"]
[BlackElo "1517"]
[PlyCount "79"]
[WhiteFideId "12990230"]
[BlackFideId "12983632"]
[EventCountry "GER"]
[EventRounds "11"]
[EventType "swiss"]
[EventDate "2014.06.07"]

1. d4 Nf6 2. Nd2 e6 3. e3 d5 4. Bd3 c5 5. c3 Bd6 6. Ngf3 Nc6 7. O-O O-O 8. dxc5
Bxc5 9. e4 dxe4 10. Nxe4 Nxe4 11. Bxe4 Qc7 12. Bb1 Ne7 13. Ng5 Ng6 14. Qh5 h6
15. Nh3 Ne7 16. Kh1 f5 17. Ng1 b6 18. Qe2 Qc6 19. Nf3 Ng6 20. Rg1 Bb7 21. Bd3
a6 22. Bc4 Rfe8 23. Bd2 b5 24. Bb3 Rad8 25. Bc2 Qb6 26. Be1 Bc6 27. Rd1 Rxd1
28. Bxd1 Kh8 29. b4 Bd6 30. Bb3 Nf4 31. Qd1 Bc7 32. a4 Rd8 33. Qc2 Be4 34. Qa2
bxa4 35. Bxa4 Nd3 36. Bb3 Nc1 37. Qb2 Nxb3 38. Qxb3 Bd5 39. Qb2 a5 40. Nd4 {
Z.Ü.} 0-1

[Event "DEM U12/U12w 2014"]
[Site "Magdeburg GER"]
[Date "2014.06.13"]
[Round "9"]
[White "Kukulina, Sonja"]
[Black "Könze, Heike"]
[Result "0-1"]
[Termination "normal"]
[Board "33"]
[WhiteElo "1162"]
[BlackElo "1503"]
[PlyCount "122"]
[WhiteFideId "12977047"]
[BlackFideId "12964476"]
[EventCountry "GER"]
[EventRounds "11"]
[EventType "swiss"]
[EventDate "2014.06.07"]

1. e4 c6 2. d4 d5 3. exd5 cxd5 4. c4 Nf6 5. Nf3 e6 6. Nc3 Nc6 7. Bg5 Be7 8. Bd3
h6 9. Bh4 a6 10. b3 b6 11. Qe2 Bb7 12. Bxf6 Bxf6 13. Nxd5 Bxd4 14. Nxd4 Nxd4
15. Qe5 O-O 16. Qe4 Nf5 17. g4 Re8 18. O-O Qg5 19. Qf4 Qxf4 20. Nxf4 Nd4 21.
Rfd1 Rad8 22. Ne2 Nf3+ 23. Kf1 Nxh2+ 24. Kg1 Nxg4 25. Ng3 Ne5 26. Be4 Bxe4 27.
Nxe4 Kh7 28. c5 bxc5 29. Nxc5 Rxd1+ 30. Rxd1 a5 31. Nb7 Ra8 32. Rd8 Rxd8 33.
Nxd8 Kg6 34. Nb7 Nc6 35. Kg2 Kf6 36. Kf3 Ke5 37. Ke3 Kd5 38. a3 f6 39. f3 e5
40. f4 exf4+ 41. Kxf4 g6 42. b4 axb4 43. axb4 Nxb4 44. Nd8 Nd3+ 45. Kg3 Ne5 46.
Nb7 Nc4 47. Nd8 Nd6 48. Kf4 h5 49. Kg3 g5 50. Kf3 f5 51. Kg3 g4 52. Kg2 h4 53.
Kf2 f4 54. Kg2 g3 55. Kg1 h3 56. Kf1 f3 57. Nb7 Nxb7 58. Kg1 g2 59. Kh2 f2 60.
Kg3 g1=Q+ 61. Kf4 f1=Q# 0-1

[Event "DEM U12/U12w 2014"]
[Site "Magdeburg GER"]
[Date "2014.06.13"]
[Round "9"]
[White "Kück, Artur"]
[Black "Wolterink, Jule"]
[Result "1-0"]
[Termination "normal"]
[Board "34"]
[WhiteElo "1393"]
[BlackElo "943"]
[PlyCount "149"]
[WhiteFideId "12965120"]
[BlackFideId "12981206"]
[EventCountry "GER"]
[EventRounds "11"]
[EventType "swiss"]
[EventDate "2014.06.07"]

1. e4 e6 2. d4 d5 3. Nc3 Nf6 4. e5 Nfd7 5. f4 c5 6. Nf3 Nc6 7. Be3 a6 8. Be2
Qb6 9. Rb1 cxd4 10. Bxd4 Bc5 11. Bxc5 Nxc5 12. Bd3 h6 13. a3 O-O 14. Qd2 Bd7
15. Qf2 Ne7 16. O-O Bb5 17. b4 Nd7 18. Qxb6 Nxb6 19. Bxb5 axb5 20. Nxb5 Nc4 21.
Ra1 Nf5 22. Rfc1 Rfc8 23. c3 Nfe3 24. Nfd4 Rd8 25. Nc2 Nf5 26. Ra2 Kh7 27. a4
Kg8 28. Nbd4 Ne7 29. Kf2 Kh7 30. Ne3 Nb6 31. a5 Nd7 32. Nb5 Kg8 33. Rac2 Ng6
34. g3 Rdc8 35. c4 dxc4 36. Rxc4 Rd8 37. Nd6 Ndf8 38. Rc8 Kh7 39. Rxa8 Rxa8 40.
Nxf7 Kg8 41. Nd6 Rd8 42. Rc7 Kh8 43. Rxb7 Ra8 44. Nec4 Kg8 45. Nb6 Rd8 46. Rc7
Kh7 47. Rc8 Rxc8 48. Ndxc8 Kh8 49. a6 Kg8 50. a7 Kh7 51. a8=Q Kh8 52. Qb7 Kg8
53. Ne7+ Kh7 54. Nxg6 Nxg6 55. Qf7 Nh8 56. Qe8 Ng6 57. Nd7 h5 58. Nf8+ Nxf8 59.
Qxf8 Kh6 60. Qh8+ Kg6 61. Qe8+ Kh6 62. Qxe6+ Kh7 63. g4 hxg4 64. Qxg4 Kg8 65.
Qxg7+ Kxg7 66. b5 Kf7 67. b6 Kg6 68. b7 Kf5 69. b8=Q Kxf4 70. e6+ Kg4 71. Qf8
Kg5 72. h4+ Kg6 73. Qf7+ Kh6 74. Qg8 Kh5 75. Qg5# 1-0

[Event "DEM U12/U12w 2014"]
[Site "Magdeburg GER"]
[Date "2014.06.13"]
[Round "9"]
[White "Ziegenfuß, Larissa"]
[Black "Reitz, Theresa"]
[Result "1/2-1/2"]
[Termination "normal"]
[Board "35"]
[WhiteElo "1587"]
[BlackElo "1484"]
[PlyCount "50"]
[WhiteFideId "12974722"]
[BlackFideId "12971901"]
[EventCountry "GER"]
[EventRounds "11"]
[EventType "swiss"]
[EventDate "2014.06.07"]

1. e4 c5 2. Nf3 e6 3. d3 g6 4. g3 Bg7 5. Bg2 Ne7 6. O-O O-O 7. Nbd2 d6 8. Re1
Nbc6 9. Qe2 Nd4 10. Nxd4 cxd4 11. f4 Rb8 12. Nf3 e5 13. Ng5 f6 14. Nf3 Be6 15.
h3 Qd7 16. Kh2 Rbc8 17. Rf1 Nc6 18. a3 Rc7 19. g4 f5 20. gxf5 gxf5 21. Ng5 Kh8
22. Nxe6 Qxe6 23. Qh5 Ne7 24. Rf2 Qc8 25. Qe2 Ng6 1/2-1/2

[Event "DEM U12/U12w 2014"]
[Site "Magdeburg GER"]
[Date "2014.06.13"]
[Round "9"]
[White "Leimbach, Tim Vincent"]
[Black "Wenzel, Calvin"]
[Result "1/2-1/2"]
[Termination "normal"]
[Board "36"]
[WhiteElo "1284"]
[BlackElo "1432"]
[PlyCount "79"]
[WhiteFideId "12988600"]
[BlackFideId "12973920"]
[EventCountry "GER"]
[EventRounds "11"]
[EventType "swiss"]
[EventDate "2014.06.07"]

1. Nc3 d5 2. e4 d4 3. Nce2 e5 4. Ng3 Nf6 5. Bc4 Bc5 6. d3 Bb4+ 7. Bd2 Bxd2+ 8.
Qxd2 Nc6 9. N1e2 Ne7 10. O-O O-O 11. f4 Ng4 12. Rf3 Ng6 13. Nf1 Qd6 14. h3 Nf6
15. f5 Ne7 16. Rg3 Kh8 17. Qg5 g6 18. Qh6 Neg8 19. Qh4 Kg7 20. Nh2 Rd8 21. Rf1
Kf8 22. fxg6 hxg6 23. Rgf3 Ke7 24. g4 b5 25. Bb3 Rf8 26. Qf2 Be6 27. Rxf6 Nxf6
28. Qxf6+ Ke8 29. Bxe6 Qxe6 30. Qxe6+ fxe6 31. Nf3 Ke7 32. Nxe5 Rxf1+ 33. Kxf1
Kf6 34. Nd7+ Ke7 35. Ne5 Kf6 36. Nc6 e5 37. Nb4 Ke6 38. Kg2 a5 39. Nd5 Rc8 40.
b4 1/2-1/2

[Event "DEM U12/U12w 2014"]
[Site "Magdeburg GER"]
[Date "2014.06.13"]
[Round "9"]
[White "Wurst, Benedikt"]
[Black "Gauchel, Verena"]
[Result "1-0"]
[Termination "normal"]
[Board "37"]
[WhiteElo "1403"]
[BlackElo "1273"]
[PlyCount "119"]
[WhiteFideId "12991791"]
[BlackFideId "12988537"]
[EventCountry "GER"]
[EventRounds "11"]
[EventType "swiss"]
[EventDate "2014.06.07"]

1. e4 b6 2. d4 Bb7 3. Bd3 Nf6 4. Qe2 e6 5. Nf3 c5 6. c3 a5 7. Bg5 Be7 8. e5 Nd5
9. Bxe7 Qxe7 10. O-O Nf4 11. Qe3 Nxd3 12. Qxd3 Ba6 13. c4 Nc6 14. Rc1 cxd4 15.
Nxd4 Nxe5 16. Qe4 O-O 17. Qxe5 Rac8 18. Nd2 Qb4 19. N4b3 a4 20. a3 Qe7 21. Nd4
Rc5 22. Qe2 Qf6 23. Qd3 Rfc8 24. Ne4 Qh6 25. Nxc5 bxc5 26. Nb5 Bxb5 27. cxb5 d5
28. b6 c4 29. Qc3 Qf6 30. Qb4 Qd8 31. Rc3 Rb8 32. Qxa4 Qxb6 33. b3 cxb3 34.
Rac1 h6 35. Rc8+ Rxc8 36. Rxc8+ Kh7 37. Rc3 b2 38. Qc2+ g6 39. Rb3 Qa5 40. g3
Qe1+ 41. Kg2 Qe5 42. Rxb2 Kg7 43. a4 Qd6 44. a5 Kf6 45. Rb6 Qe5 46. a6 Qa1 47.
Qb2+ Qxb2 48. Rxb2 Ke5 49. a7 Kf6 50. a8=Q h5 51. Qd8+ Kf5 52. Qe7 f6 53. Rb4
g5 54. Rb6 Ke5 55. Qxe6+ Kd4 56. Rb5 h4 57. Rxd5+ Kc4 58. Qc6+ Kb4 59. Rb5+ Ka4
60. Qa6# 1-0

[Event "DEM U12/U12w 2014"]
[Site "Magdeburg GER"]
[Date "2014.06.13"]
[Round "9"]
[White "Garbuz, Nicole"]
[Black "Kurzweil, Naemi"]
[Result "1-0"]
[Termination "normal"]
[Board "38"]
[WhiteElo "1389"]
[BlackElo "1231"]
[PlyCount "81"]
[WhiteFideId "12990701"]
[BlackFideId "12985708"]
[EventCountry "GER"]
[EventRounds "11"]
[EventType "swiss"]
[EventDate "2014.06.07"]

1. e4 e5 2. Nf3 Nc6 3. Bc4 Bc5 4. c3 Bd6 5. d4 Nf6 6. O-O b6 7. dxe5 Nxe5 8.
Nxe5 Bxe5 9. Be3 O-O 10. f4 Nxe4 11. fxe5 Bb7 12. Bd5 Bxd5 13. Qxd5 Ng5 14.
Bxg5 Qxg5 15. Nd2 Rae8 16. Nf3 Qg4 17. Qb7 Re6 18. Qxc7 Rg6 19. Rf2 a5 20. b3
Re8 21. Qc4 Qh5 22. Re1 Rf8 23. Re4 Qh6 24. Rf1 Qh3 25. Rf2 Qh6 26. Rd2 Qh5 27.
Qd3 Rg4 28. Rxg4 Qxg4 29. Qxd7 Qe4 30. Qd3 Qc6 31. Ng5 g6 32. Qh3 h5 33. Qf3
Qc5+ 34. Rf2 Qc7 35. Ne6 Qe7 36. Nxf8 Qxf8 37. Qe3 Qd8 38. e6 fxe6 39. Qxe6+
Kh8 40. Qf6+ Qxf6 41. Rxf6 1-0

[Event "DEM U12/U12w 2014"]
[Site "Magdeburg GER"]
[Date "2014.06.13"]
[Round "9"]
[White "Wastian, Mareike"]
[Black "Ruppert, Paula"]
[Result "1-0"]
[Termination "normal"]
[Board "39"]
[WhiteElo "1571"]
[BlackElo "1202"]
[PlyCount "85"]
[WhiteFideId "12947423"]
[BlackFideId "12979996"]
[EventCountry "GER"]
[EventRounds "11"]
[EventType "swiss"]
[EventDate "2014.06.07"]

1. e4 d5 2. exd5 Qxd5 3. Nc3 Qd6 4. d4 Nf6 5. Nf3 a6 6. g3 b5 7. Bg2 Bb7 8. O-O
e6 9. Ne5 Bxg2 10. Kxg2 Be7 11. Bf4 Qd8 12. Qf3 Nd5 13. Bg5 f6 14. Qh5+ g6 15.
Nxg6 hxg6 16. Qxh8+ Kd7 17. Qxd8+ Kxd8 18. Nxd5 exd5 19. Bf4 g5 20. Bd2 Nc6 21.
c3 b4 22. Rfe1 Kd7 23. h3 a5 24. f4 Rb8 25. Rab1 Nd8 26. fxg5 fxg5 27. Re5 c6
28. Rbe1 Bf6 29. Rf5 Be7 30. Re2 Ne6 31. Rfe5 bxc3 32. Bxc3 Rc8 33. Rxe6 Bd6
34. Rg6 c5 35. Rg7+ Kc6 36. dxc5 Bxc5 37. Re6+ Kb5 38. Rb7+ Kc4 39. Ree7 Rf8
40. Re2 Rc8 41. Rd2 d4 42. Bxa5 Bd6 43. Rc2+ 1-0

[Event "DEM U12/U12w 2014"]
[Site "Magdeburg GER"]
[Date "2014.06.13"]
[Round "9"]
[White "Wienhold, Nadine"]
[Black "Rapp, Lukas"]
[Result "1-0"]
[Termination "normal"]
[Board "40"]
[WhiteElo "1342"]
[BlackElo "1216"]
[PlyCount "47"]
[WhiteFideId "12964514"]
[BlackFideId "12989320"]
[EventCountry "GER"]
[EventRounds "11"]
[EventType "swiss"]
[EventDate "2014.06.07"]

1. e4 d5 2. exd5 Qxd5 3. Nc3 Qa5 4. d4 c6 5. Bc4 Nf6 6. Bd2 Qb6 7. Nf3 Qxb2 8.
O-O Bf5 9. Rb1 Qxc2 10. Qxc2 Bxc2 11. Rxb7 e6 12. Ne5 Bd6 13. Nxf7 Bxh2+ 14.
Kxh2 Rf8 15. Bxe6 Nfd7 16. Bxd7+ Nxd7 17. Re1+ Kxf7 18. Rxd7+ Kg8 19. Ree7 Rxf2
20. Rxg7+ Kh8 21. Be3 Rff8 22. d5 cxd5 23. Bd4 Rg8 24. Rxh7# 1-0

[Event "DEM U12/U12w 2014"]
[Site "Magdeburg GER"]
[Date "2014.06.13"]
[Round "9"]
[White "Eulitz, Charlotte"]
[Black "Kirsten, Annika"]
[Result "1/2-1/2"]
[Termination "normal"]
[Board "41"]
[WhiteElo "1191"]
[BlackElo "1323"]
[PlyCount "52"]
[WhiteFideId "12964654"]
[BlackFideId "12961124"]
[EventCountry "GER"]
[EventRounds "11"]
[EventType "swiss"]
[EventDate "2014.06.07"]

1. e4 c5 2. Nf3 Nc6 3. d4 cxd4 4. Nxd4 g6 5. Nc3 Bg7 6. Be3 Nf6 7. f3 O-O 8.
Qd2 d5 9. O-O-O e5 10. Nxc6 bxc6 11. exd5 cxd5 12. Nxd5 Nxd5 13. Qxd5 Qc7 14.
Qxa8 Bf5 15. Qxf8+ Bxf8 16. Bd3 Be6 17. Kb1 Qa5 18. a3 Bxa3 19. bxa3 Qxa3 20.
Bh6 Qb4+ 21. Kc1 a5 22. Bc4 Qa3+ 23. Kb1 Qb4+ 24. Bb3 f5 25. Kc1 Bxb3 26. cxb3
Qc3+ 1/2-1/2

[Event "DEM U12/U12w 2014"]
[Site "Magdeburg GER"]
[Date "2014.06.13"]
[Round "9"]
[White "Reuker, Ronja"]
[Black "Du, Jessica"]
[Result "0-1"]
[Termination "normal"]
[Board "42"]
[WhiteElo "945"]
[BlackElo "1241"]
[PlyCount "34"]
[WhiteFideId "12947172"]
[BlackFideId "12988529"]
[EventCountry "GER"]
[EventRounds "11"]
[EventType "swiss"]
[EventDate "2014.06.07"]

1. e4 e5 2. Nf3 Nf6 3. Nxe5 d6 4. Nf3 Nxe4 5. Bd3 d5 6. O-O Bc5 7. Qe2 Qe7 8.
c3 O-O 9. Bc2 Re8 10. d3 Ng5 11. Qd1 h6 12. Re1 Nxf3+ 13. gxf3 Qxe1+ 14. Qxe1
Rxe1+ 15. Kg2 Rxc1 16. Bb3 c6 17. d4 Bd6 0-1

[Event "DEM U12/U12w 2014"]
[Site "Magdeburg GER"]
[Date "2014.06.13"]
[Round "9"]
[White "Kose, Robert Paul"]
[Black "Svane, Freja"]
[Result "1-0"]
[Termination "normal"]
[Board "45"]
[WhiteElo "1267"]
[BlackElo "1031"]
[PlyCount "119"]
[WhiteFideId "12982067"]
[BlackFideId "12940100"]
[EventCountry "GER"]
[EventRounds "11"]
[EventType "swiss"]
[EventDate "2014.06.07"]

1. e4 e6 2. d4 d5 3. Nd2 Nf6 4. e5 Nfd7 5. Bd3 c5 6. c3 Nc6 7. Ne2 Be7 8. O-O
O-O 9. Nf3 f6 10. exf6 Nxf6 11. Re1 a6 12. Nf4 Re8 13. Nxe6 Bxe6 14. Rxe6 Bd6
15. Rxe8+ Qxe8 16. Qe2 Qxe2 17. Bxe2 Re8 18. Kf1 Re4 19. Bd3 Re7 20. h3 Ne4 21.
Be3 c4 22. Bc2 Rf7 23. Ng5 Nxg5 24. Bxg5 Bf4 25. Bxf4 Rxf4 26. Re1 Kf7 27. b3
b5 28. bxc4 bxc4 29. Ba4 Rf6 30. Bxc6 Rxc6 31. Re5 Rd6 32. Ke2 Kf6 33. g4 g5
34. Kd2 h6 35. Kc2 a5 36. Kb2 Rb6+ 37. Ka3 Ra6 38. Rxd5 Ke6 39. Re5+ Kd6 40.
Ka4 Kc6 41. Rf5 Rb6 42. Rf6+ Kc7 43. Rxb6 Kxb6 44. d5 Kc5 45. Kxa5 Kxd5 46. Kb5
Ke4 47. Kxc4 Kf3 48. a4 Kg2 49. a5 Kxh3 50. a6 Kxg4 51. a7 h5 52. a8=Q h4 53.
Qg2+ Kh5 54. f3 Kh6 55. Kd5 Kh5 56. Qg4+ Kg6 57. Ke6 Kh6 58. Kf6 Kh7 59. Qxg5
h3 60. Qg7# 1-0

[Event "DEM U12/U12w 2014"]
[Site "Magdeburg GER"]
[Date "2014.06.13"]
[Round "9"]
[White "Fricke, Edna Marlene"]
[Black "Leib, Amina"]
[Result "1-0"]
[Termination "normal"]
[Board "46"]
[WhiteElo "1081"]
[BlackElo "1076"]
[PlyCount "65"]
[WhiteFideId "12988839"]
[BlackFideId "12982970"]
[EventCountry "GER"]
[EventRounds "11"]
[EventType "swiss"]
[EventDate "2014.06.07"]

1. e4 e5 2. d4 f6 3. dxe5 fxe5 4. Qh5+ g6 5. Qxe5+ Qe7 6. Qxh8 Qxe4+ 7. Be2
Qxg2 8. Bf3 Qxh1 9. Bxh1 Ne7 10. Qd4 a5 11. Nc3 Ra6 12. Qd1 Rd6 13. Bd2 Bg7 14.
Qc1 Na6 15. Kf1 Re6 16. Nf3 b6 17. Bg2 Nc6 18. Bh3 Re7 19. Bg5 Rf7 20. Qe3+ Ne7
21. Re1 Kf8 22. Bxe7+ Kg8 23. Ng5 Nb4 24. Nxf7 Nxc2 25. Qf4 Nxe1 26. Kxe1 Bb7
27. Ne5 Bd5 28. Nxd5 Bxe5 29. Qxe5 h5 30. Bg5 h4 31. Qe7 c6 32. Bh6 cxd5 33.
Qg7# 1-0

[Event "DEM U12/U12w 2014"]
[Site "Magdeburg GER"]
[Date "2014.06.13"]
[Round "9"]
[White "Kemke, Annabelle"]
[Black "Albert, Eske"]
[Result "1-0"]
[Termination "normal"]
[Board "47"]
[WhiteElo "855"]
[BlackElo "893"]
[PlyCount "75"]
[WhiteFideId "12991821"]
[BlackFideId "12991813"]
[EventCountry "GER"]
[EventRounds "11"]
[EventType "swiss"]
[EventDate "2014.06.07"]

1. e4 e5 2. Nf3 Nc6 3. Bc4 Bc5 4. O-O Nf6 5. d4 exd4 6. e5 Ne4 7. Re1 d5 8.
exd6 Bf5 9. Bd5 O-O 10. Bxe4 Bxe4 11. Rxe4 Qxd6 12. Bf4 Qd5 13. Re1 Rac8 14.
Nbd2 Bb4 15. a3 Ba5 16. b4 Bb6 17. Rc1 d3 18. c4 Qf5 19. g3 a5 20. c5 Ba7 21.
b5 Ne7 22. Rxe7 Bb8 23. Qf1 b6 24. Rc3 bxc5 25. Rxd3 h6 26. b6 cxb6 27. Bxb8
Rxb8 28. Rde3 Qd5 29. Qe1 Qc6 30. Ne5 Qb5 31. Nd7 Rbe8 32. Nxf8 Rxe7 33. Rxe7
Kxf8 34. Nc4 g6 35. Nd6 Qc6 36. Re8+ Kg7 37. Qe5+ f6 38. Qe7# 1-0